<?xml version="1.0" encoding="UTF-8"?>
<record
    xmlns:xsi="http://www.w3.org/2001/XMLSchema-instance"
    xsi:schemaLocation="http://www.loc.gov/MARC21/slim http://www.loc.gov/standards/marcxml/schema/MARC21slim.xsd"
    xmlns="http://www.loc.gov/MARC21/slim">

  <leader>00721nam a22002177a 4500</leader>
  <controlfield tag="003">OSt</controlfield>
  <controlfield tag="005">20260521114148.0</controlfield>
  <controlfield tag="008">260521b        |||||||| |||| 00| 0 eng d</controlfield>
  <datafield tag="020" ind1=" " ind2=" ">
    <subfield code="a">9789970411368</subfield>
  </datafield>
  <datafield tag="040" ind1=" " ind2=" ">
    <subfield code="a">KABLIB</subfield>
    <subfield code="b">eng</subfield>
    <subfield code="c">KABLIB</subfield>
  </datafield>
  <datafield tag="082" ind1=" " ind2=" ">
    <subfield code="2">23</subfield>
    <subfield code="a">630</subfield>
    <subfield code="b">LUB</subfield>
  </datafield>
  <datafield tag="100" ind1=" " ind2=" ">
    <subfield code="a">Lubega Flavia</subfield>
    <subfield code="e">author</subfield>
    <subfield code="9">15813</subfield>
  </datafield>
  <datafield tag="245" ind1=" " ind2=" ">
    <subfield code="a">Agriculture Education for primary Teacher Education (PTE)</subfield>
    <subfield code="c">Charles Lubega and Flavia Nabatanzi</subfield>
    <subfield code="b"> Year 1</subfield>
  </datafield>
  <datafield tag="260" ind1=" " ind2=" ">
    <subfield code="a">Kampala :</subfield>
    <subfield code="b">Elimu Publishers Ltd, 2019.</subfield>
    <subfield code="c">c 2019</subfield>
  </datafield>
  <datafield tag="300" ind1=" " ind2=" ">
    <subfield code="a">viii,210p.;</subfield>
    <subfield code="b">ill, (col).;</subfield>
    <subfield code="c">27 cm.</subfield>
  </datafield>
  <datafield tag="650" ind1=" " ind2=" ">
    <subfield code="a">Agriculture</subfield>
  </datafield>
  <datafield tag="700" ind1=" " ind2=" ">
    <subfield code="a">Nabatanzi Flavia</subfield>
    <subfield code="e">author</subfield>
    <subfield code="9">15814</subfield>
  </datafield>
  <datafield tag="700" ind1=" " ind2=" ">
    <subfield code="a">Mugerwa Moses</subfield>
    <subfield code="e">Cover design</subfield>
    <subfield code="9">15815</subfield>
  </datafield>
  <datafield tag="700" ind1=" " ind2=" ">
    <subfield code="a">Okia Martin </subfield>
    <subfield code="e">Editor</subfield>
    <subfield code="9">15816</subfield>
  </datafield>
  <datafield tag="942" ind1=" " ind2=" ">
    <subfield code="2">ddc</subfield>
    <subfield code="c">BOOK</subfield>
  </datafield>
  <datafield tag="999" ind1=" " ind2=" ">
    <subfield code="c">6219</subfield>
    <subfield code="d">6219</subfield>
  </datafield>
  <datafield tag="952" ind1=" " ind2=" ">
    <subfield code="0">0</subfield>
    <subfield code="1">0</subfield>
    <subfield code="2">ddc</subfield>
    <subfield code="4">0</subfield>
    <subfield code="7">0</subfield>
    <subfield code="a">RU</subfield>
    <subfield code="b">RU</subfield>
    <subfield code="c">Open</subfield>
    <subfield code="d">2026-05-21</subfield>
    <subfield code="l">0</subfield>
    <subfield code="o">630 LUB</subfield>
    <subfield code="p">2757RC</subfield>
    <subfield code="r">2026-05-21 11:03:24</subfield>
    <subfield code="w">2026-05-21</subfield>
    <subfield code="y">BOOK</subfield>
  </datafield>
  <datafield tag="952" ind1=" " ind2=" ">
    <subfield code="0">0</subfield>
    <subfield code="1">0</subfield>
    <subfield code="2">ddc</subfield>
    <subfield code="4">0</subfield>
    <subfield code="7">0</subfield>
    <subfield code="a">RU</subfield>
    <subfield code="b">RU</subfield>
    <subfield code="c">Open</subfield>
    <subfield code="d">2026-05-21</subfield>
    <subfield code="l">0</subfield>
    <subfield code="o">630 LUB</subfield>
    <subfield code="p">2758RC</subfield>
    <subfield code="r">2026-05-21 11:04:03</subfield>
    <subfield code="w">2026-05-21</subfield>
    <subfield code="y">BOOK</subfield>
  </datafield>
  <datafield tag="952" ind1=" " ind2=" ">
    <subfield code="0">0</subfield>
    <subfield code="1">0</subfield>
    <subfield code="2">ddc</subfield>
    <subfield code="4">0</subfield>
    <subfield code="7">0</subfield>
    <subfield code="a">RU</subfield>
    <subfield code="b">RU</subfield>
    <subfield code="c">Open</subfield>
    <subfield code="d">2026-05-21</subfield>
    <subfield code="l">0</subfield>
    <subfield code="o">630 LUB</subfield>
    <subfield code="p">2759RC</subfield>
    <subfield code="r">2026-05-21 11:04:25</subfield>
    <subfield code="w">2026-05-21</subfield>
    <subfield code="y">BOOK</subfield>
  </datafield>
  <datafield tag="952" ind1=" " ind2=" ">
    <subfield code="0">0</subfield>
    <subfield code="1">0</subfield>
    <subfield code="2">ddc</subfield>
    <subfield code="4">0</subfield>
    <subfield code="7">0</subfield>
    <subfield code="a">RU</subfield>
    <subfield code="b">RU</subfield>
    <subfield code="c">Open</subfield>
    <subfield code="d">2026-05-21</subfield>
    <subfield code="l">0</subfield>
    <subfield code="o">630 LUB</subfield>
    <subfield code="p">2760RC</subfield>
    <subfield code="r">2026-05-21 11:04:55</subfield>
    <subfield code="w">2026-05-21</subfield>
    <subfield code="y">BOOK</subfield>
  </datafield>
  <datafield tag="952" ind1=" " ind2=" ">
    <subfield code="0">0</subfield>
    <subfield code="1">0</subfield>
    <subfield code="2">ddc</subfield>
    <subfield code="4">0</subfield>
    <subfield code="7">0</subfield>
    <subfield code="a">RU</subfield>
    <subfield code="b">RU</subfield>
    <subfield code="c">Open</subfield>
    <subfield code="d">2026-05-21</subfield>
    <subfield code="l">0</subfield>
    <subfield code="o">630 LUB</subfield>
    <subfield code="p">2776RC</subfield>
    <subfield code="r">2026-05-21 11:05:13</subfield>
    <subfield code="w">2026-05-21</subfield>
    <subfield code="y">BOOK</subfield>
  </datafield>
  <datafield tag="952" ind1=" " ind2=" ">
    <subfield code="0">0</subfield>
    <subfield code="1">0</subfield>
    <subfield code="2">ddc</subfield>
    <subfield code="4">0</subfield>
    <subfield code="7">0</subfield>
    <subfield code="a">RU</subfield>
    <subfield code="b">RU</subfield>
    <subfield code="c">Open</subfield>
    <subfield code="d">2026-05-21</subfield>
    <subfield code="l">0</subfield>
    <subfield code="o">630 LUB</subfield>
    <subfield code="p">2761RC</subfield>
    <subfield code="r">2026-05-21 11:05:33</subfield>
    <subfield code="w">2026-05-21</subfield>
    <subfield code="y">BOOK</subfield>
  </datafield>
  <datafield tag="952" ind1=" " ind2=" ">
    <subfield code="0">0</subfield>
    <subfield code="1">0</subfield>
    <subfield code="2">ddc</subfield>
    <subfield code="4">0</subfield>
    <subfield code="7">0</subfield>
    <subfield code="a">RU</subfield>
    <subfield code="b">RU</subfield>
    <subfield code="c">Open</subfield>
    <subfield code="d">2026-05-21</subfield>
    <subfield code="l">0</subfield>
    <subfield code="o">630 LUB</subfield>
    <subfield code="p">2762RC</subfield>
    <subfield code="r">2026-05-21 11:05:52</subfield>
    <subfield code="w">2026-05-21</subfield>
    <subfield code="y">BOOK</subfield>
  </datafield>
  <datafield tag="952" ind1=" " ind2=" ">
    <subfield code="0">0</subfield>
    <subfield code="1">0</subfield>
    <subfield code="2">ddc</subfield>
    <subfield code="4">0</subfield>
    <subfield code="7">0</subfield>
    <subfield code="a">RU</subfield>
    <subfield code="b">RU</subfield>
    <subfield code="c">Open</subfield>
    <subfield code="d">2026-05-21</subfield>
    <subfield code="l">0</subfield>
    <subfield code="o">630 LUB</subfield>
    <subfield code="p">2763RC</subfield>
    <subfield code="r">2026-05-21 11:06:07</subfield>
    <subfield code="w">2026-05-21</subfield>
    <subfield code="y">BOOK</subfield>
  </datafield>
  <datafield tag="952" ind1=" " ind2=" ">
    <subfield code="0">0</subfield>
    <subfield code="1">0</subfield>
    <subfield code="2">ddc</subfield>
    <subfield code="4">0</subfield>
    <subfield code="7">0</subfield>
    <subfield code="a">RU</subfield>
    <subfield code="b">RU</subfield>
    <subfield code="c">Open</subfield>
    <subfield code="d">2026-05-21</subfield>
    <subfield code="l">0</subfield>
    <subfield code="o">630 LUB</subfield>
    <subfield code="p">2764RC</subfield>
    <subfield code="r">2026-05-21 11:06:26</subfield>
    <subfield code="w">2026-05-21</subfield>
    <subfield code="y">BOOK</subfield>
  </datafield>
  <datafield tag="952" ind1=" " ind2=" ">
    <subfield code="0">0</subfield>
    <subfield code="1">0</subfield>
    <subfield code="2">ddc</subfield>
    <subfield code="4">0</subfield>
    <subfield code="7">0</subfield>
    <subfield code="a">RU</subfield>
    <subfield code="b">RU</subfield>
    <subfield code="c">Open</subfield>
    <subfield code="d">2026-05-21</subfield>
    <subfield code="l">0</subfield>
    <subfield code="o">630 LUB</subfield>
    <subfield code="p">2765RC</subfield>
    <subfield code="r">2026-05-21 11:06:45</subfield>
    <subfield code="w">2026-05-21</subfield>
    <subfield code="y">BOOK</subfield>
  </datafield>
  <datafield tag="952" ind1=" " ind2=" ">
    <subfield code="0">0</subfield>
    <subfield code="1">0</subfield>
    <subfield code="2">ddc</subfield>
    <subfield code="4">0</subfield>
    <subfield code="7">0</subfield>
    <subfield code="a">RU</subfield>
    <subfield code="b">RU</subfield>
    <subfield code="c">Open</subfield>
    <subfield code="d">2026-05-21</subfield>
    <subfield code="l">0</subfield>
    <subfield code="o">630 LUB</subfield>
    <subfield code="p">2766RC</subfield>
    <subfield code="r">2026-05-21 11:07:18</subfield>
    <subfield code="w">2026-05-21</subfield>
    <subfield code="y">BOOK</subfield>
  </datafield>
  <datafield tag="952" ind1=" " ind2=" ">
    <subfield code="0">0</subfield>
    <subfield code="1">0</subfield>
    <subfield code="2">ddc</subfield>
    <subfield code="4">0</subfield>
    <subfield code="7">0</subfield>
    <subfield code="a">RU</subfield>
    <subfield code="b">RU</subfield>
    <subfield code="c">Open</subfield>
    <subfield code="d">2026-05-21</subfield>
    <subfield code="l">0</subfield>
    <subfield code="o">630 LUB</subfield>
    <subfield code="p">2722RC</subfield>
    <subfield code="r">2026-05-21 11:07:36</subfield>
    <subfield code="w">2026-05-21</subfield>
    <subfield code="y">BOOK</subfield>
  </datafield>
  <datafield tag="952" ind1=" " ind2=" ">
    <subfield code="0">0</subfield>
    <subfield code="1">0</subfield>
    <subfield code="2">ddc</subfield>
    <subfield code="4">0</subfield>
    <subfield code="7">0</subfield>
    <subfield code="a">RU</subfield>
    <subfield code="b">RU</subfield>
    <subfield code="c">Open</subfield>
    <subfield code="d">2026-05-21</subfield>
    <subfield code="l">0</subfield>
    <subfield code="o">630 LUB</subfield>
    <subfield code="p">2723RC</subfield>
    <subfield code="r">2026-05-21 11:07:55</subfield>
    <subfield code="w">2026-05-21</subfield>
    <subfield code="y">BOOK</subfield>
  </datafield>
  <datafield tag="952" ind1=" " ind2=" ">
    <subfield code="0">0</subfield>
    <subfield code="1">0</subfield>
    <subfield code="2">ddc</subfield>
    <subfield code="4">0</subfield>
    <subfield code="7">0</subfield>
    <subfield code="a">RU</subfield>
    <subfield code="b">RU</subfield>
    <subfield code="c">Open</subfield>
    <subfield code="d">2026-05-21</subfield>
    <subfield code="l">0</subfield>
    <subfield code="o">630 LUB</subfield>
    <subfield code="p">2724RC</subfield>
    <subfield code="r">2026-05-21 11:08:31</subfield>
    <subfield code="w">2026-05-21</subfield>
    <subfield code="y">BOOK</subfield>
  </datafield>
  <datafield tag="952" ind1=" " ind2=" ">
    <subfield code="0">0</subfield>
    <subfield code="1">0</subfield>
    <subfield code="2">ddc</subfield>
    <subfield code="4">0</subfield>
    <subfield code="7">0</subfield>
    <subfield code="a">RU</subfield>
    <subfield code="b">RU</subfield>
    <subfield code="c">Open</subfield>
    <subfield code="d">2026-05-21</subfield>
    <subfield code="l">0</subfield>
    <subfield code="o">630 LUB</subfield>
    <subfield code="p">2725RC</subfield>
    <subfield code="r">2026-05-21 11:08:59</subfield>
    <subfield code="w">2026-05-21</subfield>
    <subfield code="y">BOOK</subfield>
  </datafield>
  <datafield tag="952" ind1=" " ind2=" ">
    <subfield code="0">0</subfield>
    <subfield code="1">0</subfield>
    <subfield code="2">ddc</subfield>
    <subfield code="4">0</subfield>
    <subfield code="7">0</subfield>
    <subfield code="a">RU</subfield>
    <subfield code="b">RU</subfield>
    <subfield code="c">Open</subfield>
    <subfield code="d">2026-05-21</subfield>
    <subfield code="l">0</subfield>
    <subfield code="o">630 LUB</subfield>
    <subfield code="p">2726RC</subfield>
    <subfield code="r">2026-05-21 11:09:23</subfield>
    <subfield code="w">2026-05-21</subfield>
    <subfield code="y">BOOK</subfield>
  </datafield>
  <datafield tag="952" ind1=" " ind2=" ">
    <subfield code="0">0</subfield>
    <subfield code="1">0</subfield>
    <subfield code="2">ddc</subfield>
    <subfield code="4">0</subfield>
    <subfield code="7">0</subfield>
    <subfield code="a">RU</subfield>
    <subfield code="b">RU</subfield>
    <subfield code="d">2026-05-21</subfield>
    <subfield code="l">0</subfield>
    <subfield code="o">630 LUB</subfield>
    <subfield code="p">2727RC</subfield>
    <subfield code="r">2026-05-21 11:09:44</subfield>
    <subfield code="w">2026-05-21</subfield>
    <subfield code="y">BOOK</subfield>
  </datafield>
  <datafield tag="952" ind1=" " ind2=" ">
    <subfield code="0">0</subfield>
    <subfield code="1">0</subfield>
    <subfield code="2">ddc</subfield>
    <subfield code="4">0</subfield>
    <subfield code="7">0</subfield>
    <subfield code="a">RU</subfield>
    <subfield code="b">RU</subfield>
    <subfield code="c">Open</subfield>
    <subfield code="d">2026-05-21</subfield>
    <subfield code="l">0</subfield>
    <subfield code="o">630 LUB</subfield>
    <subfield code="p">2728RC</subfield>
    <subfield code="r">2026-05-21 11:10:04</subfield>
    <subfield code="w">2026-05-21</subfield>
    <subfield code="y">BOOK</subfield>
  </datafield>
  <datafield tag="952" ind1=" " ind2=" ">
    <subfield code="0">0</subfield>
    <subfield code="1">0</subfield>
    <subfield code="2">ddc</subfield>
    <subfield code="4">0</subfield>
    <subfield code="7">0</subfield>
    <subfield code="a">RU</subfield>
    <subfield code="b">RU</subfield>
    <subfield code="c">Open</subfield>
    <subfield code="d">2026-05-21</subfield>
    <subfield code="l">0</subfield>
    <subfield code="o">630 LUB</subfield>
    <subfield code="p">2729RC</subfield>
    <subfield code="r">2026-05-21 11:10:25</subfield>
    <subfield code="w">2026-05-21</subfield>
    <subfield code="y">BOOK</subfield>
  </datafield>
  <datafield tag="952" ind1=" " ind2=" ">
    <subfield code="0">0</subfield>
    <subfield code="1">0</subfield>
    <subfield code="2">ddc</subfield>
    <subfield code="4">0</subfield>
    <subfield code="7">0</subfield>
    <subfield code="a">RU</subfield>
    <subfield code="b">RU</subfield>
    <subfield code="d">2026-05-21</subfield>
    <subfield code="l">0</subfield>
    <subfield code="o">630 LUB</subfield>
    <subfield code="p">2730RC</subfield>
    <subfield code="r">2026-05-21 11:10:43</subfield>
    <subfield code="w">2026-05-21</subfield>
    <subfield code="y">BOOK</subfield>
  </datafield>
  <datafield tag="952" ind1=" " ind2=" ">
    <subfield code="0">0</subfield>
    <subfield code="1">0</subfield>
    <subfield code="2">ddc</subfield>
    <subfield code="4">0</subfield>
    <subfield code="7">0</subfield>
    <subfield code="a">RU</subfield>
    <subfield code="b">RU</subfield>
    <subfield code="c">Open</subfield>
    <subfield code="d">2026-05-21</subfield>
    <subfield code="l">0</subfield>
    <subfield code="o">630 LUB</subfield>
    <subfield code="p">2721RC</subfield>
    <subfield code="r">2026-05-21 11:11:03</subfield>
    <subfield code="w">2026-05-21</subfield>
    <subfield code="y">BOOK</subfield>
  </datafield>
  <datafield tag="952" ind1=" " ind2=" ">
    <subfield code="0">0</subfield>
    <subfield code="1">0</subfield>
    <subfield code="2">ddc</subfield>
    <subfield code="4">0</subfield>
    <subfield code="7">0</subfield>
    <subfield code="a">RU</subfield>
    <subfield code="b">RU</subfield>
    <subfield code="c">Open</subfield>
    <subfield code="d">2026-05-21</subfield>
    <subfield code="l">0</subfield>
    <subfield code="o">630 LUB</subfield>
    <subfield code="p">2738RC</subfield>
    <subfield code="r">2026-05-21 11:11:25</subfield>
    <subfield code="w">2026-05-21</subfield>
    <subfield code="y">BOOK</subfield>
  </datafield>
  <datafield tag="952" ind1=" " ind2=" ">
    <subfield code="0">0</subfield>
    <subfield code="1">0</subfield>
    <subfield code="2">ddc</subfield>
    <subfield code="4">0</subfield>
    <subfield code="7">0</subfield>
    <subfield code="a">RU</subfield>
    <subfield code="b">RU</subfield>
    <subfield code="c">Open</subfield>
    <subfield code="d">2026-05-21</subfield>
    <subfield code="l">0</subfield>
    <subfield code="o">630 LUB</subfield>
    <subfield code="p">2737RC</subfield>
    <subfield code="r">2026-05-21 11:11:49</subfield>
    <subfield code="w">2026-05-21</subfield>
    <subfield code="y">BOOK</subfield>
  </datafield>
  <datafield tag="952" ind1=" " ind2=" ">
    <subfield code="0">0</subfield>
    <subfield code="1">0</subfield>
    <subfield code="2">ddc</subfield>
    <subfield code="4">0</subfield>
    <subfield code="7">0</subfield>
    <subfield code="a">RU</subfield>
    <subfield code="b">RU</subfield>
    <subfield code="c">Open</subfield>
    <subfield code="d">2026-05-21</subfield>
    <subfield code="l">0</subfield>
    <subfield code="o">630 LUB</subfield>
    <subfield code="p">2736RC</subfield>
    <subfield code="r">2026-05-21 11:12:09</subfield>
    <subfield code="w">2026-05-21</subfield>
    <subfield code="y">BOOK</subfield>
  </datafield>
  <datafield tag="952" ind1=" " ind2=" ">
    <subfield code="0">0</subfield>
    <subfield code="1">0</subfield>
    <subfield code="2">ddc</subfield>
    <subfield code="4">0</subfield>
    <subfield code="7">0</subfield>
    <subfield code="a">RU</subfield>
    <subfield code="b">RU</subfield>
    <subfield code="c">Open</subfield>
    <subfield code="d">2026-05-21</subfield>
    <subfield code="l">0</subfield>
    <subfield code="o">630 LUB</subfield>
    <subfield code="p">2735RC</subfield>
    <subfield code="r">2026-05-21 11:12:32</subfield>
    <subfield code="w">2026-05-21</subfield>
    <subfield code="y">BOOK</subfield>
  </datafield>
  <datafield tag="952" ind1=" " ind2=" ">
    <subfield code="0">0</subfield>
    <subfield code="1">0</subfield>
    <subfield code="2">ddc</subfield>
    <subfield code="4">0</subfield>
    <subfield code="7">0</subfield>
    <subfield code="a">RU</subfield>
    <subfield code="b">RU</subfield>
    <subfield code="c">Open</subfield>
    <subfield code="d">2026-05-21</subfield>
    <subfield code="l">0</subfield>
    <subfield code="o">630 LUB</subfield>
    <subfield code="p">2734RC</subfield>
    <subfield code="r">2026-05-21 11:13:01</subfield>
    <subfield code="w">2026-05-21</subfield>
    <subfield code="y">BOOK</subfield>
  </datafield>
  <datafield tag="952" ind1=" " ind2=" ">
    <subfield code="0">0</subfield>
    <subfield code="1">0</subfield>
    <subfield code="2">ddc</subfield>
    <subfield code="4">0</subfield>
    <subfield code="7">0</subfield>
    <subfield code="a">RU</subfield>
    <subfield code="b">RU</subfield>
    <subfield code="c">Open</subfield>
    <subfield code="d">2026-05-21</subfield>
    <subfield code="l">0</subfield>
    <subfield code="o">630 LUB</subfield>
    <subfield code="p">2787RC</subfield>
    <subfield code="r">2026-05-21 11:13:19</subfield>
    <subfield code="w">2026-05-21</subfield>
    <subfield code="y">BOOK</subfield>
  </datafield>
  <datafield tag="952" ind1=" " ind2=" ">
    <subfield code="0">0</subfield>
    <subfield code="1">0</subfield>
    <subfield code="2">ddc</subfield>
    <subfield code="4">0</subfield>
    <subfield code="7">0</subfield>
    <subfield code="a">RU</subfield>
    <subfield code="b">RU</subfield>
    <subfield code="c">Open</subfield>
    <subfield code="d">2026-05-21</subfield>
    <subfield code="l">0</subfield>
    <subfield code="o">630 LUB</subfield>
    <subfield code="p">2788RC</subfield>
    <subfield code="r">2026-05-21 11:13:45</subfield>
    <subfield code="w">2026-05-21</subfield>
    <subfield code="y">BOOK</subfield>
  </datafield>
  <datafield tag="952" ind1=" " ind2=" ">
    <subfield code="0">0</subfield>
    <subfield code="1">0</subfield>
    <subfield code="2">ddc</subfield>
    <subfield code="4">0</subfield>
    <subfield code="7">0</subfield>
    <subfield code="a">RU</subfield>
    <subfield code="b">RU</subfield>
    <subfield code="c">Open</subfield>
    <subfield code="d">2026-05-21</subfield>
    <subfield code="l">0</subfield>
    <subfield code="o">630 LUB</subfield>
    <subfield code="p">2789RC</subfield>
    <subfield code="r">2026-05-21 11:14:05</subfield>
    <subfield code="w">2026-05-21</subfield>
    <subfield code="y">BOOK</subfield>
  </datafield>
  <datafield tag="952" ind1=" " ind2=" ">
    <subfield code="0">0</subfield>
    <subfield code="1">0</subfield>
    <subfield code="2">ddc</subfield>
    <subfield code="4">0</subfield>
    <subfield code="7">0</subfield>
    <subfield code="a">RU</subfield>
    <subfield code="b">RU</subfield>
    <subfield code="c">Open</subfield>
    <subfield code="d">2026-05-21</subfield>
    <subfield code="l">0</subfield>
    <subfield code="o">630 LUB</subfield>
    <subfield code="p">2784RC</subfield>
    <subfield code="r">2026-05-21 11:21:39</subfield>
    <subfield code="w">2026-05-21</subfield>
    <subfield code="y">BOOK</subfield>
  </datafield>
  <datafield tag="952" ind1=" " ind2=" ">
    <subfield code="0">0</subfield>
    <subfield code="1">0</subfield>
    <subfield code="2">ddc</subfield>
    <subfield code="4">0</subfield>
    <subfield code="7">0</subfield>
    <subfield code="a">RU</subfield>
    <subfield code="b">RU</subfield>
    <subfield code="c">Open</subfield>
    <subfield code="d">2026-05-21</subfield>
    <subfield code="l">0</subfield>
    <subfield code="o">630 LUB</subfield>
    <subfield code="p">2785RC</subfield>
    <subfield code="r">2026-05-21 11:22:13</subfield>
    <subfield code="w">2026-05-21</subfield>
    <subfield code="y">BOOK</subfield>
  </datafield>
  <datafield tag="952" ind1=" " ind2=" ">
    <subfield code="0">0</subfield>
    <subfield code="1">0</subfield>
    <subfield code="2">ddc</subfield>
    <subfield code="4">0</subfield>
    <subfield code="7">0</subfield>
    <subfield code="a">RU</subfield>
    <subfield code="b">RU</subfield>
    <subfield code="c">Open</subfield>
    <subfield code="d">2026-05-21</subfield>
    <subfield code="l">0</subfield>
    <subfield code="o">630 LUB</subfield>
    <subfield code="p">2786RC</subfield>
    <subfield code="r">2026-05-21 11:22:34</subfield>
    <subfield code="w">2026-05-21</subfield>
    <subfield code="y">BOOK</subfield>
  </datafield>
  <datafield tag="952" ind1=" " ind2=" ">
    <subfield code="0">0</subfield>
    <subfield code="1">0</subfield>
    <subfield code="2">ddc</subfield>
    <subfield code="4">0</subfield>
    <subfield code="7">0</subfield>
    <subfield code="a">RU</subfield>
    <subfield code="b">RU</subfield>
    <subfield code="c">Open</subfield>
    <subfield code="d">2026-05-21</subfield>
    <subfield code="l">0</subfield>
    <subfield code="o">630 LUB</subfield>
    <subfield code="p">2778RC</subfield>
    <subfield code="r">2026-05-21 11:22:57</subfield>
    <subfield code="w">2026-05-21</subfield>
    <subfield code="y">BOOK</subfield>
  </datafield>
  <datafield tag="952" ind1=" " ind2=" ">
    <subfield code="0">0</subfield>
    <subfield code="1">0</subfield>
    <subfield code="2">ddc</subfield>
    <subfield code="4">0</subfield>
    <subfield code="7">0</subfield>
    <subfield code="a">RU</subfield>
    <subfield code="b">RU</subfield>
    <subfield code="c">Open</subfield>
    <subfield code="d">2026-05-21</subfield>
    <subfield code="l">0</subfield>
    <subfield code="o">630 LUB</subfield>
    <subfield code="p">2779RC</subfield>
    <subfield code="r">2026-05-21 11:23:16</subfield>
    <subfield code="w">2026-05-21</subfield>
    <subfield code="y">BOOK</subfield>
  </datafield>
  <datafield tag="952" ind1=" " ind2=" ">
    <subfield code="0">0</subfield>
    <subfield code="1">0</subfield>
    <subfield code="2">ddc</subfield>
    <subfield code="4">0</subfield>
    <subfield code="7">0</subfield>
    <subfield code="a">RU</subfield>
    <subfield code="b">RU</subfield>
    <subfield code="c">Open</subfield>
    <subfield code="d">2026-05-21</subfield>
    <subfield code="l">0</subfield>
    <subfield code="o">630 LUB</subfield>
    <subfield code="p">2780RC</subfield>
    <subfield code="r">2026-05-21 11:23:33</subfield>
    <subfield code="w">2026-05-21</subfield>
    <subfield code="y">BOOK</subfield>
  </datafield>
  <datafield tag="952" ind1=" " ind2=" ">
    <subfield code="0">0</subfield>
    <subfield code="1">0</subfield>
    <subfield code="2">ddc</subfield>
    <subfield code="4">0</subfield>
    <subfield code="7">0</subfield>
    <subfield code="a">RU</subfield>
    <subfield code="b">RU</subfield>
    <subfield code="c">Open</subfield>
    <subfield code="d">2026-05-21</subfield>
    <subfield code="l">0</subfield>
    <subfield code="o">630 LUB</subfield>
    <subfield code="p">2781RC</subfield>
    <subfield code="r">2026-05-21 11:24:07</subfield>
    <subfield code="w">2026-05-21</subfield>
    <subfield code="y">BOOK</subfield>
  </datafield>
  <datafield tag="952" ind1=" " ind2=" ">
    <subfield code="0">0</subfield>
    <subfield code="1">0</subfield>
    <subfield code="2">ddc</subfield>
    <subfield code="4">0</subfield>
    <subfield code="7">0</subfield>
    <subfield code="a">RU</subfield>
    <subfield code="b">RU</subfield>
    <subfield code="c">Open</subfield>
    <subfield code="d">2026-05-21</subfield>
    <subfield code="l">0</subfield>
    <subfield code="o">630 LUB</subfield>
    <subfield code="p">2782RC</subfield>
    <subfield code="r">2026-05-21 11:24:24</subfield>
    <subfield code="w">2026-05-21</subfield>
    <subfield code="y">BOOK</subfield>
  </datafield>
  <datafield tag="952" ind1=" " ind2=" ">
    <subfield code="0">0</subfield>
    <subfield code="1">0</subfield>
    <subfield code="2">ddc</subfield>
    <subfield code="4">0</subfield>
    <subfield code="7">0</subfield>
    <subfield code="a">RU</subfield>
    <subfield code="b">RU</subfield>
    <subfield code="c">Open</subfield>
    <subfield code="d">2026-05-21</subfield>
    <subfield code="l">0</subfield>
    <subfield code="o">630 LUB</subfield>
    <subfield code="p">2783RC</subfield>
    <subfield code="r">2026-05-21 11:24:47</subfield>
    <subfield code="w">2026-05-21</subfield>
    <subfield code="y">BOOK</subfield>
  </datafield>
  <datafield tag="952" ind1=" " ind2=" ">
    <subfield code="0">0</subfield>
    <subfield code="1">0</subfield>
    <subfield code="2">ddc</subfield>
    <subfield code="4">0</subfield>
    <subfield code="7">0</subfield>
    <subfield code="a">RU</subfield>
    <subfield code="b">RU</subfield>
    <subfield code="c">Open</subfield>
    <subfield code="d">2026-05-21</subfield>
    <subfield code="l">0</subfield>
    <subfield code="o">630 LUB</subfield>
    <subfield code="p">2750RC</subfield>
    <subfield code="r">2026-05-21 11:25:15</subfield>
    <subfield code="w">2026-05-21</subfield>
    <subfield code="y">BOOK</subfield>
  </datafield>
  <datafield tag="952" ind1=" " ind2=" ">
    <subfield code="0">0</subfield>
    <subfield code="1">0</subfield>
    <subfield code="2">ddc</subfield>
    <subfield code="4">0</subfield>
    <subfield code="7">0</subfield>
    <subfield code="a">RU</subfield>
    <subfield code="b">RU</subfield>
    <subfield code="c">Open</subfield>
    <subfield code="d">2026-05-21</subfield>
    <subfield code="l">0</subfield>
    <subfield code="o">630 LUB</subfield>
    <subfield code="p">2751RC</subfield>
    <subfield code="r">2026-05-21 11:25:34</subfield>
    <subfield code="w">2026-05-21</subfield>
    <subfield code="y">BOOK</subfield>
  </datafield>
  <datafield tag="952" ind1=" " ind2=" ">
    <subfield code="0">0</subfield>
    <subfield code="1">0</subfield>
    <subfield code="2">ddc</subfield>
    <subfield code="4">0</subfield>
    <subfield code="7">0</subfield>
    <subfield code="a">RU</subfield>
    <subfield code="b">RU</subfield>
    <subfield code="c">Open</subfield>
    <subfield code="d">2026-05-21</subfield>
    <subfield code="l">0</subfield>
    <subfield code="o">630 LUB</subfield>
    <subfield code="p">2752RC</subfield>
    <subfield code="r">2026-05-21 11:25:55</subfield>
    <subfield code="w">2026-05-21</subfield>
    <subfield code="y">BOOK</subfield>
  </datafield>
  <datafield tag="952" ind1=" " ind2=" ">
    <subfield code="0">0</subfield>
    <subfield code="1">0</subfield>
    <subfield code="2">ddc</subfield>
    <subfield code="4">0</subfield>
    <subfield code="7">0</subfield>
    <subfield code="a">RU</subfield>
    <subfield code="b">RU</subfield>
    <subfield code="c">Open</subfield>
    <subfield code="d">2026-05-21</subfield>
    <subfield code="l">0</subfield>
    <subfield code="o">630 LUB</subfield>
    <subfield code="p">2753RC</subfield>
    <subfield code="r">2026-05-21 11:26:17</subfield>
    <subfield code="w">2026-05-21</subfield>
    <subfield code="y">BOOK</subfield>
  </datafield>
  <datafield tag="952" ind1=" " ind2=" ">
    <subfield code="0">0</subfield>
    <subfield code="1">0</subfield>
    <subfield code="2">ddc</subfield>
    <subfield code="4">0</subfield>
    <subfield code="7">0</subfield>
    <subfield code="a">RU</subfield>
    <subfield code="b">RU</subfield>
    <subfield code="c">Open</subfield>
    <subfield code="d">2026-05-21</subfield>
    <subfield code="l">0</subfield>
    <subfield code="o">630 LUB</subfield>
    <subfield code="p">2754RC</subfield>
    <subfield code="r">2026-05-21 11:26:33</subfield>
    <subfield code="w">2026-05-21</subfield>
    <subfield code="y">BOOK</subfield>
  </datafield>
  <datafield tag="952" ind1=" " ind2=" ">
    <subfield code="0">0</subfield>
    <subfield code="1">0</subfield>
    <subfield code="2">ddc</subfield>
    <subfield code="4">0</subfield>
    <subfield code="7">0</subfield>
    <subfield code="a">RU</subfield>
    <subfield code="b">RU</subfield>
    <subfield code="c">Open</subfield>
    <subfield code="d">2026-05-21</subfield>
    <subfield code="l">0</subfield>
    <subfield code="o">630 LUB</subfield>
    <subfield code="p">2755RC</subfield>
    <subfield code="r">2026-05-21 11:26:50</subfield>
    <subfield code="w">2026-05-21</subfield>
    <subfield code="y">BOOK</subfield>
  </datafield>
  <datafield tag="952" ind1=" " ind2=" ">
    <subfield code="0">0</subfield>
    <subfield code="1">0</subfield>
    <subfield code="2">ddc</subfield>
    <subfield code="4">0</subfield>
    <subfield code="7">0</subfield>
    <subfield code="a">RU</subfield>
    <subfield code="b">RU</subfield>
    <subfield code="c">Open</subfield>
    <subfield code="d">2026-05-21</subfield>
    <subfield code="l">0</subfield>
    <subfield code="o">630 LUB</subfield>
    <subfield code="p">2756RC</subfield>
    <subfield code="r">2026-05-21 11:27:11</subfield>
    <subfield code="w">2026-05-21</subfield>
    <subfield code="y">BOOK</subfield>
  </datafield>
  <datafield tag="952" ind1=" " ind2=" ">
    <subfield code="0">0</subfield>
    <subfield code="1">0</subfield>
    <subfield code="2">ddc</subfield>
    <subfield code="4">0</subfield>
    <subfield code="7">0</subfield>
    <subfield code="a">RU</subfield>
    <subfield code="b">RU</subfield>
    <subfield code="c">Open</subfield>
    <subfield code="d">2026-05-21</subfield>
    <subfield code="l">0</subfield>
    <subfield code="o">630 LUB</subfield>
    <subfield code="p">2767RC</subfield>
    <subfield code="r">2026-05-21 11:27:32</subfield>
    <subfield code="w">2026-05-21</subfield>
    <subfield code="y">BOOK</subfield>
  </datafield>
  <datafield tag="952" ind1=" " ind2=" ">
    <subfield code="0">0</subfield>
    <subfield code="1">0</subfield>
    <subfield code="2">ddc</subfield>
    <subfield code="4">0</subfield>
    <subfield code="7">0</subfield>
    <subfield code="a">RU</subfield>
    <subfield code="b">RU</subfield>
    <subfield code="c">Open</subfield>
    <subfield code="d">2026-05-21</subfield>
    <subfield code="l">0</subfield>
    <subfield code="o">630 LUB</subfield>
    <subfield code="p">2768RC</subfield>
    <subfield code="r">2026-05-21 11:27:54</subfield>
    <subfield code="w">2026-05-21</subfield>
    <subfield code="y">BOOK</subfield>
  </datafield>
  <datafield tag="952" ind1=" " ind2=" ">
    <subfield code="0">0</subfield>
    <subfield code="1">0</subfield>
    <subfield code="2">ddc</subfield>
    <subfield code="4">0</subfield>
    <subfield code="7">0</subfield>
    <subfield code="a">RU</subfield>
    <subfield code="b">RU</subfield>
    <subfield code="c">Open</subfield>
    <subfield code="d">2026-05-21</subfield>
    <subfield code="l">0</subfield>
    <subfield code="o">630 LUB</subfield>
    <subfield code="p">2769RC</subfield>
    <subfield code="r">2026-05-21 11:28:13</subfield>
    <subfield code="w">2026-05-21</subfield>
    <subfield code="y">BOOK</subfield>
  </datafield>
  <datafield tag="952" ind1=" " ind2=" ">
    <subfield code="0">0</subfield>
    <subfield code="1">0</subfield>
    <subfield code="2">ddc</subfield>
    <subfield code="4">0</subfield>
    <subfield code="7">0</subfield>
    <subfield code="a">RU</subfield>
    <subfield code="b">RU</subfield>
    <subfield code="c">Open</subfield>
    <subfield code="d">2026-05-21</subfield>
    <subfield code="l">0</subfield>
    <subfield code="o">630 LUB</subfield>
    <subfield code="p">2770RC</subfield>
    <subfield code="r">2026-05-21 11:28:33</subfield>
    <subfield code="w">2026-05-21</subfield>
    <subfield code="y">BOOK</subfield>
  </datafield>
  <datafield tag="952" ind1=" " ind2=" ">
    <subfield code="0">0</subfield>
    <subfield code="1">0</subfield>
    <subfield code="2">ddc</subfield>
    <subfield code="4">0</subfield>
    <subfield code="7">0</subfield>
    <subfield code="a">RU</subfield>
    <subfield code="b">RU</subfield>
    <subfield code="c">Open</subfield>
    <subfield code="d">2026-05-21</subfield>
    <subfield code="l">0</subfield>
    <subfield code="o">630 LUB</subfield>
    <subfield code="p">2771RC</subfield>
    <subfield code="r">2026-05-21 11:28:53</subfield>
    <subfield code="w">2026-05-21</subfield>
    <subfield code="y">BOOK</subfield>
  </datafield>
  <datafield tag="952" ind1=" " ind2=" ">
    <subfield code="0">0</subfield>
    <subfield code="1">0</subfield>
    <subfield code="2">ddc</subfield>
    <subfield code="4">0</subfield>
    <subfield code="7">0</subfield>
    <subfield code="a">RU</subfield>
    <subfield code="b">RU</subfield>
    <subfield code="d">2026-05-21</subfield>
    <subfield code="l">0</subfield>
    <subfield code="o">630 LUB</subfield>
    <subfield code="p">2772RC</subfield>
    <subfield code="r">2026-05-21 11:29:19</subfield>
    <subfield code="w">2026-05-21</subfield>
    <subfield code="y">BOOK</subfield>
  </datafield>
  <datafield tag="952" ind1=" " ind2=" ">
    <subfield code="0">0</subfield>
    <subfield code="1">0</subfield>
    <subfield code="2">ddc</subfield>
    <subfield code="4">0</subfield>
    <subfield code="7">0</subfield>
    <subfield code="a">RU</subfield>
    <subfield code="b">RU</subfield>
    <subfield code="c">Open</subfield>
    <subfield code="d">2026-05-21</subfield>
    <subfield code="l">0</subfield>
    <subfield code="o">630 LUB</subfield>
    <subfield code="p">2801RC</subfield>
    <subfield code="r">2026-05-21 11:29:43</subfield>
    <subfield code="w">2026-05-21</subfield>
    <subfield code="y">BOOK</subfield>
  </datafield>
  <datafield tag="952" ind1=" " ind2=" ">
    <subfield code="0">0</subfield>
    <subfield code="1">0</subfield>
    <subfield code="2">ddc</subfield>
    <subfield code="4">0</subfield>
    <subfield code="7">0</subfield>
    <subfield code="a">RU</subfield>
    <subfield code="b">RU</subfield>
    <subfield code="c">Open</subfield>
    <subfield code="d">2026-05-21</subfield>
    <subfield code="l">0</subfield>
    <subfield code="o">630 LUB</subfield>
    <subfield code="p">2802RC</subfield>
    <subfield code="r">2026-05-21 11:30:10</subfield>
    <subfield code="w">2026-05-21</subfield>
    <subfield code="y">BOOK</subfield>
  </datafield>
  <datafield tag="952" ind1=" " ind2=" ">
    <subfield code="0">0</subfield>
    <subfield code="1">0</subfield>
    <subfield code="2">ddc</subfield>
    <subfield code="4">0</subfield>
    <subfield code="7">0</subfield>
    <subfield code="a">RU</subfield>
    <subfield code="b">RU</subfield>
    <subfield code="c">Open</subfield>
    <subfield code="d">2026-05-21</subfield>
    <subfield code="l">0</subfield>
    <subfield code="o">630 LUB</subfield>
    <subfield code="p">2803RC</subfield>
    <subfield code="r">2026-05-21 11:30:38</subfield>
    <subfield code="w">2026-05-21</subfield>
    <subfield code="y">BOOK</subfield>
  </datafield>
  <datafield tag="952" ind1=" " ind2=" ">
    <subfield code="0">0</subfield>
    <subfield code="1">0</subfield>
    <subfield code="2">ddc</subfield>
    <subfield code="4">0</subfield>
    <subfield code="7">0</subfield>
    <subfield code="a">RU</subfield>
    <subfield code="b">RU</subfield>
    <subfield code="c">Open</subfield>
    <subfield code="d">2026-05-21</subfield>
    <subfield code="l">0</subfield>
    <subfield code="o">630 LUB</subfield>
    <subfield code="p">2804RC</subfield>
    <subfield code="r">2026-05-21 11:31:29</subfield>
    <subfield code="w">2026-05-21</subfield>
    <subfield code="y">BOOK</subfield>
  </datafield>
  <datafield tag="952" ind1=" " ind2=" ">
    <subfield code="0">0</subfield>
    <subfield code="1">0</subfield>
    <subfield code="2">ddc</subfield>
    <subfield code="4">0</subfield>
    <subfield code="7">0</subfield>
    <subfield code="a">RU</subfield>
    <subfield code="b">RU</subfield>
    <subfield code="c">Open</subfield>
    <subfield code="d">2026-05-21</subfield>
    <subfield code="l">0</subfield>
    <subfield code="o">630 LUB</subfield>
    <subfield code="p">2805RC</subfield>
    <subfield code="r">2026-05-21 11:31:45</subfield>
    <subfield code="w">2026-05-21</subfield>
    <subfield code="y">BOOK</subfield>
  </datafield>
  <datafield tag="952" ind1=" " ind2=" ">
    <subfield code="0">0</subfield>
    <subfield code="1">0</subfield>
    <subfield code="2">ddc</subfield>
    <subfield code="4">0</subfield>
    <subfield code="7">0</subfield>
    <subfield code="a">RU</subfield>
    <subfield code="b">RU</subfield>
    <subfield code="c">Open</subfield>
    <subfield code="d">2026-05-21</subfield>
    <subfield code="l">0</subfield>
    <subfield code="o">630 LUB</subfield>
    <subfield code="p">2806RC</subfield>
    <subfield code="r">2026-05-21 11:32:10</subfield>
    <subfield code="w">2026-05-21</subfield>
    <subfield code="y">BOOK</subfield>
  </datafield>
  <datafield tag="952" ind1=" " ind2=" ">
    <subfield code="0">0</subfield>
    <subfield code="1">0</subfield>
    <subfield code="2">ddc</subfield>
    <subfield code="4">0</subfield>
    <subfield code="7">0</subfield>
    <subfield code="a">RU</subfield>
    <subfield code="b">RU</subfield>
    <subfield code="c">Open</subfield>
    <subfield code="d">2026-05-21</subfield>
    <subfield code="l">0</subfield>
    <subfield code="o">630 LUB</subfield>
    <subfield code="p">2807RC</subfield>
    <subfield code="r">2026-05-21 11:32:33</subfield>
    <subfield code="w">2026-05-21</subfield>
    <subfield code="y">BOOK</subfield>
  </datafield>
  <datafield tag="952" ind1=" " ind2=" ">
    <subfield code="0">0</subfield>
    <subfield code="1">0</subfield>
    <subfield code="2">ddc</subfield>
    <subfield code="4">0</subfield>
    <subfield code="7">0</subfield>
    <subfield code="a">RU</subfield>
    <subfield code="b">RU</subfield>
    <subfield code="c">Open</subfield>
    <subfield code="d">2026-05-21</subfield>
    <subfield code="l">0</subfield>
    <subfield code="o">630 LUB</subfield>
    <subfield code="p">2808RC</subfield>
    <subfield code="r">2026-05-21 11:32:59</subfield>
    <subfield code="w">2026-05-21</subfield>
    <subfield code="y">BOOK</subfield>
  </datafield>
  <datafield tag="952" ind1=" " ind2=" ">
    <subfield code="0">0</subfield>
    <subfield code="1">0</subfield>
    <subfield code="2">ddc</subfield>
    <subfield code="4">0</subfield>
    <subfield code="7">0</subfield>
    <subfield code="a">RU</subfield>
    <subfield code="b">RU</subfield>
    <subfield code="c">Open</subfield>
    <subfield code="d">2026-05-21</subfield>
    <subfield code="l">0</subfield>
    <subfield code="o">630 LUB</subfield>
    <subfield code="p">2809RC</subfield>
    <subfield code="r">2026-05-21 11:33:21</subfield>
    <subfield code="w">2026-05-21</subfield>
    <subfield code="y">BOOK</subfield>
  </datafield>
  <datafield tag="952" ind1=" " ind2=" ">
    <subfield code="0">0</subfield>
    <subfield code="1">0</subfield>
    <subfield code="2">ddc</subfield>
    <subfield code="4">0</subfield>
    <subfield code="7">0</subfield>
    <subfield code="a">RU</subfield>
    <subfield code="b">RU</subfield>
    <subfield code="c">Open</subfield>
    <subfield code="d">2026-05-21</subfield>
    <subfield code="l">0</subfield>
    <subfield code="o">630 LUB</subfield>
    <subfield code="p">2773RC</subfield>
    <subfield code="r">2026-05-21 11:33:47</subfield>
    <subfield code="w">2026-05-21</subfield>
    <subfield code="y">BOOK</subfield>
  </datafield>
  <datafield tag="952" ind1=" " ind2=" ">
    <subfield code="0">0</subfield>
    <subfield code="1">0</subfield>
    <subfield code="2">ddc</subfield>
    <subfield code="4">0</subfield>
    <subfield code="7">0</subfield>
    <subfield code="a">RU</subfield>
    <subfield code="b">RU</subfield>
    <subfield code="c">Open</subfield>
    <subfield code="d">2026-05-21</subfield>
    <subfield code="l">0</subfield>
    <subfield code="o">630 LUB</subfield>
    <subfield code="p">2774RC</subfield>
    <subfield code="r">2026-05-21 11:34:09</subfield>
    <subfield code="w">2026-05-21</subfield>
    <subfield code="y">BOOK</subfield>
  </datafield>
  <datafield tag="952" ind1=" " ind2=" ">
    <subfield code="0">0</subfield>
    <subfield code="1">0</subfield>
    <subfield code="2">ddc</subfield>
    <subfield code="4">0</subfield>
    <subfield code="7">0</subfield>
    <subfield code="a">RU</subfield>
    <subfield code="b">RU</subfield>
    <subfield code="c">Open</subfield>
    <subfield code="d">2026-05-21</subfield>
    <subfield code="l">0</subfield>
    <subfield code="o">630 LUB</subfield>
    <subfield code="p">2775RC</subfield>
    <subfield code="r">2026-05-21 11:34:38</subfield>
    <subfield code="w">2026-05-21</subfield>
    <subfield code="y">BOOK</subfield>
  </datafield>
  <datafield tag="952" ind1=" " ind2=" ">
    <subfield code="0">0</subfield>
    <subfield code="1">0</subfield>
    <subfield code="2">ddc</subfield>
    <subfield code="4">0</subfield>
    <subfield code="7">0</subfield>
    <subfield code="a">RU</subfield>
    <subfield code="b">RU</subfield>
    <subfield code="c">Open</subfield>
    <subfield code="d">2026-05-21</subfield>
    <subfield code="l">0</subfield>
    <subfield code="o">630 LUB</subfield>
    <subfield code="p">2777RC</subfield>
    <subfield code="r">2026-05-21 11:34:56</subfield>
    <subfield code="w">2026-05-21</subfield>
    <subfield code="y">BOOK</subfield>
  </datafield>
  <datafield tag="952" ind1=" " ind2=" ">
    <subfield code="0">0</subfield>
    <subfield code="1">0</subfield>
    <subfield code="2">ddc</subfield>
    <subfield code="4">0</subfield>
    <subfield code="7">0</subfield>
    <subfield code="a">RU</subfield>
    <subfield code="b">RU</subfield>
    <subfield code="c">Open</subfield>
    <subfield code="d">2026-05-21</subfield>
    <subfield code="l">0</subfield>
    <subfield code="o">630 LUB</subfield>
    <subfield code="p">2733RC</subfield>
    <subfield code="r">2026-05-21 11:35:17</subfield>
    <subfield code="w">2026-05-21</subfield>
    <subfield code="y">BOOK</subfield>
  </datafield>
  <datafield tag="952" ind1=" " ind2=" ">
    <subfield code="0">0</subfield>
    <subfield code="1">0</subfield>
    <subfield code="2">ddc</subfield>
    <subfield code="4">0</subfield>
    <subfield code="7">0</subfield>
    <subfield code="a">RU</subfield>
    <subfield code="b">RU</subfield>
    <subfield code="c">Open</subfield>
    <subfield code="d">2026-05-21</subfield>
    <subfield code="l">0</subfield>
    <subfield code="o">630 LUB</subfield>
    <subfield code="p">2732RC</subfield>
    <subfield code="r">2026-05-21 11:35:34</subfield>
    <subfield code="w">2026-05-21</subfield>
    <subfield code="y">BOOK</subfield>
  </datafield>
  <datafield tag="952" ind1=" " ind2=" ">
    <subfield code="0">0</subfield>
    <subfield code="1">0</subfield>
    <subfield code="2">ddc</subfield>
    <subfield code="4">0</subfield>
    <subfield code="7">0</subfield>
    <subfield code="a">RU</subfield>
    <subfield code="b">RU</subfield>
    <subfield code="c">Open</subfield>
    <subfield code="d">2026-05-21</subfield>
    <subfield code="l">0</subfield>
    <subfield code="o">630 LUB</subfield>
    <subfield code="p">2731RC</subfield>
    <subfield code="r">2026-05-21 11:35:56</subfield>
    <subfield code="w">2026-05-21</subfield>
    <subfield code="y">BOOK</subfield>
  </datafield>
  <datafield tag="952" ind1=" " ind2=" ">
    <subfield code="0">0</subfield>
    <subfield code="1">0</subfield>
    <subfield code="2">ddc</subfield>
    <subfield code="4">0</subfield>
    <subfield code="7">0</subfield>
    <subfield code="a">RU</subfield>
    <subfield code="b">RU</subfield>
    <subfield code="c">Open</subfield>
    <subfield code="d">2026-05-21</subfield>
    <subfield code="l">0</subfield>
    <subfield code="o">630 LUB</subfield>
    <subfield code="p">2744RC</subfield>
    <subfield code="r">2026-05-21 11:36:15</subfield>
    <subfield code="w">2026-05-21</subfield>
    <subfield code="y">BOOK</subfield>
  </datafield>
  <datafield tag="952" ind1=" " ind2=" ">
    <subfield code="0">0</subfield>
    <subfield code="1">0</subfield>
    <subfield code="2">ddc</subfield>
    <subfield code="4">0</subfield>
    <subfield code="7">0</subfield>
    <subfield code="a">RU</subfield>
    <subfield code="b">RU</subfield>
    <subfield code="c">Open</subfield>
    <subfield code="d">2026-05-21</subfield>
    <subfield code="l">0</subfield>
    <subfield code="o">630 LUB</subfield>
    <subfield code="p">2743RC</subfield>
    <subfield code="r">2026-05-21 11:36:56</subfield>
    <subfield code="w">2026-05-21</subfield>
    <subfield code="y">BOOK</subfield>
  </datafield>
  <datafield tag="952" ind1=" " ind2=" ">
    <subfield code="0">0</subfield>
    <subfield code="1">0</subfield>
    <subfield code="2">ddc</subfield>
    <subfield code="4">0</subfield>
    <subfield code="7">0</subfield>
    <subfield code="a">RU</subfield>
    <subfield code="b">RU</subfield>
    <subfield code="c">Open</subfield>
    <subfield code="d">2026-05-21</subfield>
    <subfield code="l">0</subfield>
    <subfield code="o">630 LUB</subfield>
    <subfield code="p">2742RC</subfield>
    <subfield code="r">2026-05-21 11:37:16</subfield>
    <subfield code="w">2026-05-21</subfield>
    <subfield code="y">BOOK</subfield>
  </datafield>
  <datafield tag="952" ind1=" " ind2=" ">
    <subfield code="0">0</subfield>
    <subfield code="1">0</subfield>
    <subfield code="2">ddc</subfield>
    <subfield code="4">0</subfield>
    <subfield code="7">0</subfield>
    <subfield code="a">RU</subfield>
    <subfield code="b">RU</subfield>
    <subfield code="c">Open</subfield>
    <subfield code="d">2026-05-21</subfield>
    <subfield code="l">0</subfield>
    <subfield code="o">630 LUB</subfield>
    <subfield code="p">2741RC</subfield>
    <subfield code="r">2026-05-21 11:37:35</subfield>
    <subfield code="w">2026-05-21</subfield>
    <subfield code="y">BOOK</subfield>
  </datafield>
  <datafield tag="952" ind1=" " ind2=" ">
    <subfield code="0">0</subfield>
    <subfield code="1">0</subfield>
    <subfield code="2">ddc</subfield>
    <subfield code="4">0</subfield>
    <subfield code="7">0</subfield>
    <subfield code="a">RU</subfield>
    <subfield code="b">RU</subfield>
    <subfield code="c">Open</subfield>
    <subfield code="d">2026-05-21</subfield>
    <subfield code="l">0</subfield>
    <subfield code="o">630 LUB</subfield>
    <subfield code="p">2740RC</subfield>
    <subfield code="r">2026-05-21 11:37:55</subfield>
    <subfield code="w">2026-05-21</subfield>
    <subfield code="y">BOOK</subfield>
  </datafield>
  <datafield tag="952" ind1=" " ind2=" ">
    <subfield code="0">0</subfield>
    <subfield code="1">0</subfield>
    <subfield code="2">ddc</subfield>
    <subfield code="4">0</subfield>
    <subfield code="7">0</subfield>
    <subfield code="a">RU</subfield>
    <subfield code="b">RU</subfield>
    <subfield code="c">Open</subfield>
    <subfield code="d">2026-05-21</subfield>
    <subfield code="l">0</subfield>
    <subfield code="o">630 LUB</subfield>
    <subfield code="p">2739RC</subfield>
    <subfield code="r">2026-05-21 11:38:17</subfield>
    <subfield code="w">2026-05-21</subfield>
    <subfield code="y">BOOK</subfield>
  </datafield>
  <datafield tag="952" ind1=" " ind2=" ">
    <subfield code="0">0</subfield>
    <subfield code="1">0</subfield>
    <subfield code="2">ddc</subfield>
    <subfield code="4">0</subfield>
    <subfield code="7">0</subfield>
    <subfield code="a">RU</subfield>
    <subfield code="b">RU</subfield>
    <subfield code="c">Open</subfield>
    <subfield code="d">2026-05-21</subfield>
    <subfield code="l">0</subfield>
    <subfield code="o">630 LUB</subfield>
    <subfield code="p">2749RC</subfield>
    <subfield code="r">2026-05-21 11:38:43</subfield>
    <subfield code="w">2026-05-21</subfield>
    <subfield code="y">BOOK</subfield>
  </datafield>
  <datafield tag="952" ind1=" " ind2=" ">
    <subfield code="0">0</subfield>
    <subfield code="1">0</subfield>
    <subfield code="2">ddc</subfield>
    <subfield code="4">0</subfield>
    <subfield code="7">0</subfield>
    <subfield code="a">RU</subfield>
    <subfield code="b">RU</subfield>
    <subfield code="c">Open</subfield>
    <subfield code="d">2026-05-21</subfield>
    <subfield code="l">0</subfield>
    <subfield code="o">630 LUB</subfield>
    <subfield code="p">2748RC</subfield>
    <subfield code="r">2026-05-21 11:39:07</subfield>
    <subfield code="w">2026-05-21</subfield>
    <subfield code="y">BOOK</subfield>
  </datafield>
  <datafield tag="952" ind1=" " ind2=" ">
    <subfield code="0">0</subfield>
    <subfield code="1">0</subfield>
    <subfield code="2">ddc</subfield>
    <subfield code="4">0</subfield>
    <subfield code="7">0</subfield>
    <subfield code="a">RU</subfield>
    <subfield code="b">RU</subfield>
    <subfield code="c">Open</subfield>
    <subfield code="d">2026-05-21</subfield>
    <subfield code="l">0</subfield>
    <subfield code="o">630 LUB</subfield>
    <subfield code="p">2747RC</subfield>
    <subfield code="r">2026-05-21 11:39:28</subfield>
    <subfield code="w">2026-05-21</subfield>
    <subfield code="y">BOOK</subfield>
  </datafield>
  <datafield tag="952" ind1=" " ind2=" ">
    <subfield code="0">0</subfield>
    <subfield code="1">0</subfield>
    <subfield code="2">ddc</subfield>
    <subfield code="4">0</subfield>
    <subfield code="7">0</subfield>
    <subfield code="a">RU</subfield>
    <subfield code="b">RU</subfield>
    <subfield code="c">Open</subfield>
    <subfield code="d">2026-05-21</subfield>
    <subfield code="l">0</subfield>
    <subfield code="o">630 LUB</subfield>
    <subfield code="p">2746RC</subfield>
    <subfield code="r">2026-05-21 11:39:47</subfield>
    <subfield code="w">2026-05-21</subfield>
    <subfield code="y">BOOK</subfield>
  </datafield>
  <datafield tag="952" ind1=" " ind2=" ">
    <subfield code="0">0</subfield>
    <subfield code="1">0</subfield>
    <subfield code="2">ddc</subfield>
    <subfield code="4">0</subfield>
    <subfield code="7">0</subfield>
    <subfield code="a">RU</subfield>
    <subfield code="b">RU</subfield>
    <subfield code="c">Open</subfield>
    <subfield code="d">2026-05-21</subfield>
    <subfield code="l">0</subfield>
    <subfield code="o">630 LUB</subfield>
    <subfield code="p">2745RC</subfield>
    <subfield code="r">2026-05-21 11:40:10</subfield>
    <subfield code="w">2026-05-21</subfield>
    <subfield code="y">BOOK</subfield>
  </datafield>
</record>
